Movies Quiz

Random Movies or Marvel Quiz

Can you guess the Marvel Character from their pictures? Quiz Stats

 Plays Quiz not verified by Sporcle

Score 0/22 Timer 05:00
21 Plays Today
% Correct
Iron Man
98.1%
Hulk
96.6%
Ant Man
96.4%
Captain America
95.4%
Thor
93.2%
Black Widow
92.5%
Vision
87.5%
Scarlet Witch
78.8%
Quicksilver
75.1%
Falcon
68.1%
Spiderman
66.9%
% Correct
Hawkeye
63.4%
Wolverine
60.2%
Captain Marvel
58.4%
Colossus
48.6%
Daredevil
44.7%
Luke Cage
42.6%
Dr Strange
41.3%
SpiderGwen
23.4%
Negasonic Teenage Warhead
22.3%
Psylocke
15.4%
Kitty Pryde
9.8%

You're not logged in!

Compare scores with friends on all Sporcle quizzes.
OR
Log In

Show Comments

Extras

Top Quizzes Today


Score Distribution

Your Account Isn't Verified!

In order to create a playlist on Sporcle, you need to verify the email address you used during registration. Go to your Sporcle Settings to finish the process.

Report this User

Report this user for behavior that violates our Community Guidelines.

Details: